La muerte de un viajante

Muerte de un viajante es un telefilme estadounidense de 1985 basado en la obra de teatro homónima de Arthur Miller, escrita en 1949. -- El viajante de comercio Willy Loman está en crisis. A punto de perder su trabajo, no puede pagar las facturas y su vida familiar se desmorona. Por si esto fuera poc...

Descripción completa

Guardado en:
Autor Principal: Schlöndorff, Volker.
Autor Corporativo: Roxbury Productions.
Otros Autores: Miller, Arthur; Guion., Hoffman, Dustin; Reparto., Reid, Kate; Reparto., Malkovich, John; Reparto., Lang, Stephen; Reparto.
Formato: Deslizar
Idioma:Undetermined
Publicado: Estados Unidos : Columbia Broadcasting System, 1985.
Materias:
Etiquetas: Agregar Etiqueta
Sin Etiquetas, Sea el primero en etiquetar este registro!
LEADER 01376ngm a22002655a 4500
001 CEM.cems020520
008 231004s1985####xx#---############vlund#d
005 20231004213609.0
245 1 0 |a La muerte de un viajante  |h [videograbación] /  |c Volker Schlöndorff. 
260 |a Estados Unidos :  |b Columbia Broadcasting System,  |c 1985. 
300 |a 134'. 
520 |a Muerte de un viajante es un telefilme estadounidense de 1985 basado en la obra de teatro homónima de Arthur Miller, escrita en 1949. -- El viajante de comercio Willy Loman está en crisis. A punto de perder su trabajo, no puede pagar las facturas y su vida familiar se desmorona. Por si esto fuera poco, sus hijos no le respetan y, además, no están a la altura de lo que se esperaba de ellos. 
590 |a Identificación anterior: 210 
538 |a Soporte: DVD -- Formato: AVI – Peso: 1.36gb -- Resolución: 576 x 432 -- 25 fps 
500 |a Título original: Death of a Salesman– Idioma: Doblada al español. 
100 1 |a Schlöndorff, Volker. 
700 1 |a Miller, Arthur; Guion. 
700 1 |a Hoffman, Dustin; Reparto. 
700 1 |a Reid, Kate; Reparto. 
700 1 |a Malkovich, John; Reparto. 
700 1 |a Lang, Stephen; Reparto. 
710 2 |a Roxbury Productions. 
653 |a LARGOMETRAJE 
653 |a FICCIÓN 
859 |a CEMS  |b BIB. CEMS - Depto. Recursos Didacticos  |h 778.5  |i SCH-1  |k DRD  |p 3154.23  |t Ej.1